000 00342nam a22001457a 4500
008 210309b ||||| |||| 00| 0 eng d
020 _a9781591366874
041 _aeng
080 _a004
082 _2004
100 _a31
101 _aSHKI
245 _aQuickBooks Pro 2014 Business & Accounting Series
_cTrisha Conlon
942 _2udc
_cBK
999 _c56079
_d56079